000 00301nam a2200121Ia 4500
008 240731s9999 xx 000 0 und d
022 _a2155-0093
245 0 _aEthics, Policy & Environment
260 _bRoutledge
856 _uhttps://www.tandfonline.com/loi/cepe21
942 _2ddc
942 _cTFEJ
999 _c76481
_d76481
945 _a1
_bMadushi Gamage
_c1
_dMadushi Gamage